000 00954nam a22002537a 4500
999 _c21620
_d21620
003 AR-CdUCM
008 201015b ||||| |||| 00| 0 spa d
020 _a9786124269110
040 _aMUNICIPALIDAD PROVINCIAL DEL CUSCO
_cBIBLIOTECA MUNICIPAL DEL CUSCO
082 _a818.5/O22
_bO22
100 _aObama, Michelle
_945556
245 _aMi historia /
_cMichelle Obama ; traducción, Carlos Abreu Fetter, Efrén del Valle Peñamil, Gabriel Dols Gallardo ... [et al.].
246 _aTítulo original: Becoming
260 _aLima ;
_bPlaza & Janés,
_c2018.
300 _a526 [16] páginas. :
_bilustraciones en color ;
_c23 cm.
500 _aTítulo original: Becoming
650 _aObama, Michelle
_945557
650 _aDiarios
_9810
700 _aAbreu Fetter, Carlos (traductor)
_945558
700 _aValle Peñamil, Efrén del (traductor)
_945559
700 _aDols Gallardo, Gabriel (traductor)
_945560
942 _2ddc
_cLIBROS
945 _aRoel